Т. 1 : А-О; Русско-вьетнамский словарь

Bibliographic Details
Parent link:Аликанов, К. М.. Русско-вьетнамский словарь: в 2 т.. Т. : А-О.— , 1987-
Language:Russian
Vietnamese
Published: 1987
Subjects:
Format: MixedMaterials Book
KOHA link:https://koha.lib.tpu.ru/cgi-bin/koha/opac-detail.pl?biblionumber=267216

MARC

LEADER 00000nam2a2200000 4500
001 267216
005 20231101234050.0
020 |a RU  |b 87-16733 
035 |a (RuTPU)RU\TPU\book\290270 
090 |a 267216 
100 |a 20140724g1987 m a0rusy5003 ca 
101 0 |a rus  |a vie 
102 |a RU 
105 |a y z 000zy 
200 0 |a Т. 1 : А-О 
210 |d 1987 
215 |a 648 с. 
461 1 |0 (RuTPU)RU\TPU\book\293425  |t Русско-вьетнамский словарь  |o в 2 т.  |o около 43 000 слов  |v Т. : А-О  |d 1987-  |a Аликанов, К. М. 
606 1 |a Вьетнамский язык  |2 stltpush  |3 (RuTPU)RU\TPU\subj\4501  |9 32768 
610 1 |a русско-вьетнамские словари 
610 1 |a словари русско-вьетнамские 
610 1 |a параллельные словари 
686 |a Ш171.5-4  |2 rubbk 
801 0 |a RU  |b RuMRKP  |c 19950417  |g psbo 
801 1 |a RU  |b 63413507  |c 20140724 
801 2 |a RU  |b 63413507  |c 20150916  |g RCR 
942 |c BK